Une introduction à la psychanalyse (notice n° 1567406)
[ vue normale ]
| 000 -LEADER | |
|---|---|
| fixed length control field | 01229cam a2200145 4500500 |
| 005 - DATE AND TIME OF LATEST TRANSACTION | |
| control field | 20251214002754.0 |
| 041 ## - LANGUAGE CODE | |
| Language code of text/sound track or separate title | fre |
| 042 ## - AUTHENTICATION CODE | |
| Authentication code | dc |
| 100 10 - MAIN ENTRY--PERSONAL NAME | |
| Personal name | Vanier, Alain |
| Relator term | author |
| 245 00 - TITLE STATEMENT | |
| Title | Une introduction à la psychanalyse |
| 260 ## - PUBLICATION, DISTRIBUTION, ETC. | |
| Name of publisher, distributor, etc. | Armand Colin,<br/> |
| Date of publication, distribution, etc. | 2018.<br/> |
| 520 ## - SUMMARY, ETC. | |
| Summary, etc. | Cet ouvrage propose une présentation des principales notions de la psychanalyse à partir de plusieurs approches, afin de cerner d’une façon non dogmatique les questions toujours critiques qu’ouvre la méthode analytique. Ainsi sont abordés les concepts fondamentaux de la doctrine, saisis dans l’histoire où ils sont produits, et leurs remaniements successifs, les apports des psychanalystes contemporains postérieurs à Freud, ainsi que les questions cruciales de la pratique et de la formation qui sont difficilement séparables de la situation du mouvement psychanalytique aujourd’hui. Conçu comme une sorte de guide, c’est un large panorama des problèmes actuels de la psychanalyse et du point d’avancée des élaborations théoriques qui est ici esquissé. |
| 700 10 - ADDED ENTRY--PERSONAL NAME | |
| Personal name | Vanier, Alain |
| Relator term | author |
| 856 41 - ELECTRONIC LOCATION AND ACCESS | |
| Uniform Resource Identifier | <a href="https://shs.cairn.info/une-introduction-a-la-psychanalyse--9782200622787?lang=fr&redirect-ssocas=7080">https://shs.cairn.info/une-introduction-a-la-psychanalyse--9782200622787?lang=fr&redirect-ssocas=7080</a> |
Pas d'exemplaire disponible.




Réseaux sociaux